000 00670nam a2200277Ia 4500
005 20260324143930.0
008 008 260324s9999 xx 000 0 eng d
020 _a9780429199707
037 _aEBOOK
040 _aCRL
040 _beng
040 _cCRL
041 _2eng
041 _aeng
084 _qCRL
100 _aMurray McGillivray
_91217459
245 0 _aMemorization in the Transmission of the Middle English Romances
260 _bTaylor and Francis
260 _c1990
365 _a
365 _b150
856 _uhttp://www.taylorfrancis.com/books/9780429199707
942 _cEBOOK
999 _c1823452
_d1823452